تز کر ہءشعر ا ۓ ا و د ے پو ر (Record no. 172003)

MARC details
000 -LEADER
fixed length control field 00666nam a22001937a 4500
005 - DATE AND TIME OF LATEST TRANSACTION
control field 20200124130645.0
010 ## - LCCN (DPL NO)
LC control number UR-10679
020 ## - INTERNATIONAL STANDARD BOOK NUMBER
Terms of availability 80.00
International Standard Book Number -
035 ## - SYSTEM CONTROL NUMBER
System control number U-9234
037 ## - SOURCE OF ACQUISITION
Source of stock number/acquisition DBAD/PUB
Stock number -
082 ## - DEWEY DECIMAL CLASSIFICATION NUMBER
Classification number 840.08
100 ## - MAIN ENTRY--PERSONAL NAME
Personal name مر تبہ:شا ہد عز يز
245 ## - TITLE STATEMENT
Title تز کر ہءشعر ا ۓ ا و د ے پو ر
Statement of responsibility, etc مر تبہ: شا ہد عز يز
246 ## - VARYING FORM OF TITLE
Remainder of title Tazkera Shora-e-Udaypur (Urdu)
Title proper/short title Edited by Shahid Azeez
260 ## - PUBLICATION, DISTRIBUTION, ETC. (IMPRINT)
Place of publication, distribution, etc Rajisthan
Name of publisher, distributor, etc Rajisthan Urdu Academy
Date of publication, distribution, etc 2000 ء
270 ## - ADDRESS
Address J-3,Subhash Marg,"C"Scheme,
City Jaipur
Postal code 302001
Telephone number 0141382664
Fax number -
300 ## - PHYSICAL DESCRIPTION
Extent 128 ص
Dimensions 22 Cm(Hb)
942 ## - ADDED ENTRY ELEMENTS (KOHA)
Source of classification or shelving scheme Dewey Decimal Classification
Item type Urdu Bks
Classification part 840.08
Call number suffix ت ز ک
Holdings
Withdrawn status Lost status Not for loan Collection code Home library Current library Date acquired Source of acquisition Cost, normal purchase price Full call number Barcode Copy number Cost, replacement price Koha item type
      Non-fiction Central Library Central Library 24/01/2020 BPPD/Ven. 80.00 840.08 ت ز ک U-9234 1 80.00 Urdu Bks

© Delhi Public Library
Hit Counter
free hit counter